00640nac a22002051u 4500020001500000082001700015090001500032100003400047245004700081250001200128260004400140300003200184500002000216650001100236650002100247650001300268942001900281999001500300952011900315 a8127209058 a332.1bP3241 c1090d1090 aPaul, R. R.  aMoney and financial systems /cR. R. Paul. a1st ed. aNew Delhi :bKalyani publishers,c2004. a199 p. :bDiagrams,c24 cm. aIncludes index. aMoney. aMonetary policy. aFinance. cBBk332.1P3241 c1090d1090 00104070aMAINbMAINc1STd2006-08-21ePurchasel1m1o332.1 PAUp000003405r2025-07-15 00:00:00s2012-05-27yBB